[Event "European Youth Chess Championship B14"]
[Site "Prague, Top Hotel Prague"]
[Date "2016.08.24"]
[Round "6.32"]
[White "Haase, Pavel"]
[Black "Sahidi, Samir"]
[Result "0-1"]
[WhiteElo "2012"]
[BlackElo "2225"]
[PlyCount "74"]
[EventDate "2016.08.18"]

1. Nf3 d5 2. d4 c5 3. c3 e6 4. Bf4 Nf6 5. e3 Qb6 6. Qb3 Nbd7 7. h3 a6 8. Be2
Qc6 9. a4 b6 10. O-O Bd6 11. Ne5 Qc7 12. Nxd7 Nxd7 13. Bxd6 Qxd6 14. Nd2 O-O
15. Bf3 Bb7 16. Rfd1 e5 17. e4 exd4 18. exd5 Ne5 19. cxd4 cxd4 20. Nc4 Nxf3+
21. Qxf3 Qc5 22. Rac1 Bxd5 23. Qd3 Rac8 24. b3 b5 25. axb5 axb5 26. Qxd4 Qxd4
27. Rxd4 Be6 28. Kf1 bxc4 29. bxc4 Rfd8 30. Rxd8+ Rxd8 31. c5 Kf8 32. Ke2 Ke7
33. g4 Rd5 34. c6 Kd8 35. f4 g6 36. Ke3 Kc7 37. Ke4 h5 0-1

[Event "European Youth Chess Championship B14"]
[Site "Prague, Top Hotel Prague"]
[Date "2016.08.24"]
[Round "6.33"]
[White "Isfan, Ioan-Marius"]
[Black "Nesterov, Arseniy"]
[Result "0-1"]
[WhiteElo "2011"]
[BlackElo "2216"]
[PlyCount "61"]
[EventDate "2016.08.18"]

 1. d4 e6 2. Nf3 f5 3. Bf4 Nf6 4. e3 Be7 5.
Be2 O-O 6. O-O Nh5 7. c4 Nxf4 8. exf4 Bf6 9. Nc3 c5 10. dxc5 Bxc3 11. bxc3 Qa5
12. Qd4 Na6 13. Rfd1 Nxc5 14. Ne5 b6 15. Bf3 Rb8 16. h4 Bb7 17. Bxb7 Rxb7 18.
h5 h6 19. Re1 Qa4 20. Rad1 Re8 21. Re3 Qxa2 22. Rg3 d6 23. Nc6 Ne4 24. Rg6 Qa4
25. f3 Nxc3 26. Re1 Qxc6 27. Qxc3 d5 28. g4 Qxc4 29. Qd2 Qc5+ 30. Kh1 fxg4 31.
fxg4 0-1

[Event "European Youth Chess Championship B14"]
[Site "Prague, Top Hotel Prague"]
[Date "2016.08.24"]
[Round "6.34"]
[White "Orfini, Nicolo`"]
[Black "Martinovici, Ilie"]
[Result "0-1"]
[WhiteElo "1996"]
[BlackElo "2170"]
[PlyCount "68"]
[EventDate "2016.08.18"]

 1. Nf3 Nf6 2. g3 d5 3. Bg2 c6 4. d3 h6 5.
Nbd2 Bf5 6. O-O Nbd7 7. Re1 e5 8. e4 dxe4 9. dxe4 Bh7 10. c3 Qc7 11. Qc2 Be7
12. b3 Rd8 13. Bb2 O-O 14. Rad1 Nc5 15. Nh4 Nd3 16. Nc4 Nxe1 17. Rxe1 Bc5 18.
b4 Bb6 19. h3 Rfe8 20. Nf5 Bxf5 21. exf5 e4 22. Bc1 Qd7 23. Nxb6 axb6 24. Be3
Nd5 25. g4 Nxe3 26. Rxe3 Qd1+ 27. Qxd1 Rxd1+ 28. Kh2 Rd2 29. Kg3 Rxa2 30. Bxe4
Kf8 31. f3 Rd8 32. Kh4 Rd1 33. Kg3 Ra3 34. Kf4 Rc1 0-1

[Event "European Youth Chess Championship B14"]
[Site "Prague, Top Hotel Prague"]
[Date "2016.08.24"]
[Round "6.35"]
[White "Svanda, Ondrej"]
[Black "Pribelszky, Bence"]
[Result "0-1"]
[WhiteElo "1927"]
[BlackElo "2161"]
[PlyCount "94"]
[EventDate "2016.08.18"]

1. e4 c5 2. Nc3 Nc6 3. f4 d6 4. Nf3 g6 5. Bb5 a6 6. Bxc6+ bxc6 7. O-O Bg7 8. d3
e6 9. e5 d5 10. d4 Bf8 11. Be3 cxd4 12. Bxd4 c5 13. Bf2 Be7 14. g4 h5 15. g5
Bb7 16. Qe2 Rc8 17. Rad1 Qa5 18. Nd2 c4 19. Nf3 Bc5 20. Bxc5 Qxc5+ 21. Qf2 Ne7
22. Qxc5 Rxc5 23. Nd4 O-O 24. Nce2 Rb8 25. Rb1 Bc8 26. b4 cxb3 27. Rxb3 Ra8 28.
Rfb1 Kg7 29. Kf2 a5 30. Ke3 Ba6 31. Rb8 Rxb8 32. Rxb8 Bxe2 33. Kxe2 Nc6 34.
Nxc6 Rxc2+ 35. Kd3 Rxc6 36. Rb5 Rc4 37. Rxa5 Rxf4 38. a4 Re4 39. Ra8 Rxe5 40.
a5 Rxg5 41. a6 Rg4 42. a7 Ra4 43. h4 f6 44. Kc3 g5 45. hxg5 fxg5 46. Kb3 Ra1
47. Kb4 h4 0-1

[Event "European Youth Chess Championship B14"]
[Site "Prague, Top Hotel Prague"]
[Date "2016.08.24"]
[Round "6.36"]
[White "Kozak, Antoni"]
[Black "Sjoberg, Isak"]
[Result "1-0"]
[WhiteElo "2102"]
[BlackElo "1893"]
[PlyCount "149"]
[EventDate "2016.08.18"]

 1. e4 e5 2. Nf3 Nc6 3. Bc4
Nf6 4. d3 Be7 5. O-O O-O 6. Re1 d6 7. a4 Kh8 8. Nbd2 Ng8 9. c3 f5 10. b4 fxe4
11. dxe4 Qe8 12. h3 Qg6 13. Kh2 Qh5 14. Nf1 Bh4 15. Nxh4 Qxh4 16. f3 Rf6 17.
Be3 Nge7 18. Qd2 h6 19. Qf2 Qxf2 20. Bxf2 Be6 21. Bxe6 Rxe6 22. Ne3 Nd8 23.
Red1 Nf7 24. a5 Rc8 25. c4 g5 26. Nd5 c6 27. Nxe7 Rxe7 28. Bxa7 b5 29. axb6 Rb7
30. c5 dxc5 31. bxc5 Kg7 32. Ra3 Kf6 33. Rad3 Ke7 34. Kg3 h5 35. h4 Rg8 36.
hxg5 Rxg5+ 37. Kf2 Rg6 38. g3 Ng5 39. Rd6 Ne6 40. Rxc6 h4 41. gxh4 Rg8 42. Rg1
Rf8 43. Rg6 Nd4 44. Rg7+ Kd8 45. Rd6+ Kc8 46. Rxb7 Kxb7 47. Rd7+ Ka6 48. Rd5
Nxf3 49. Kg3 Nd4 50. Rxe5 Rg8+ 51. Rg5 Re8 52. h5 Ne6 53. Rd5 Rg8+ 54. Kf3 Ng5+
55. Ke3 Ne6 56. Re5 Nd8 57. h6 Nc6 58. h7 Rh8 59. Rh5 Na5 60. Kf4 Nc6 61. Kf5
Ne5 62. b7 Kxa7 63. Kxe5 Kxb7 64. Kf6 Kc6 65. Kg7 Rxh7+ 66. Kxh7 Kd7 67. Rd5+
Kc6 68. Kh8 Kc7 69. Rd6 Kb7 70. e5 Kb8 71. e6 Kc8 72. e7 Kc7 73. e8=Q Kb7 74.
Qe7+ Kb8 75. Rd8# 1-0

[Event "European Youth Chess Championship B14"]
[Site "Prague, Top Hotel Prague"]
[Date "2016.08.24"]
[Round "6.37"]
[White "Lomandong, Marc-Antoine"]
[Black "Golikov, Daniil"]
[Result "0-1"]
[WhiteElo "1918"]
[BlackElo "2098"]
[PlyCount "88"]
[EventDate "2016.08.18"]

 1. d4 d5 2. Nf3 Nf6 3. Bf4 e6 4. e3 c5 5. c3
Nc6 6. Nbd2 Bd6 7. Bg3 O-O 8. Bd3 b6 9. Qe2 Bb7 10. Ne5 Bxe5 11. dxe5 Nd7 12.
f4 a5 13. Qh5 f5 14. Bh4 Qe8 15. Qe2 c4 16. Bc2 Nc5 17. Nf3 b5 18. Rg1 Qh5 19.
h3 b4 20. g4 Qh6 21. Bg5 Qxh3 22. gxf5 Nd3+ 23. Bxd3 cxd3 24. Qf2 Qxf5 25. Bf6
g6 26. Kd2 bxc3+ 27. bxc3 Ba6 28. Nh4 Qe4 29. Rab1 Rab8 30. Nxg6 hxg6 31. Rxb8
Rxb8 32. Qh4 Rb2+ 33. Kc1 Qxe3+ 34. Kxb2 Qd2+ 35. Kb1 Qc2+ 36. Ka1 Qxc3+ 37.
Kb1 Qb4+ 38. Kc1 Qc5+ 39. Kb2 Qd4+ 40. Kb1 Qxg1+ 41. Kb2 Qd4+ 42. Kb1 Qb4+ 43.
Kc1 Qc3+ 44. Kb1 Qc2+ 0-1

[Event "European Youth Chess Championship B14"]
[Site "Prague, Top Hotel Prague"]
[Date "2016.08.24"]
[Round "6.38"]
[White "Gherghel-Butan, Mircea"]
[Black "Kalabukhov, Bogdan"]
[Result "0-1"]
[WhiteElo "1892"]
[BlackElo "2090"]
[PlyCount "86"]
[EventDate "2016.08.18"]

1. d4 d5 2. Nf3 e6 3. c4 c6 4. Bg5 Nf6 5. Nc3 h6 6. Bf4 dxc4 7. a4 Bb4 8. Qc2
b5 9. g3 Bb7 10. Bg2 Nbd7 11. O-O a6 12. Ne5 Nd5 13. Bxd5 exd5 14. Qf5 Nf6 15.
Ng4 Be7 16. Nxf6+ Bxf6 17. Be5 O-O 18. Bxf6 Qxf6 19. Qxf6 gxf6 20. a5 Rfe8 21.
Rfe1 c5 22. e3 cxd4 23. exd4 Re6 24. f3 b4 25. Na4 Rae8 26. Kf2 Rxe1 27. Rxe1
Rxe1 28. Kxe1 Kf8 29. Nc5 Bc8 30. g4 Ke7 31. Kf2 Kd6 32. Kg3 Kc6 33. Kh4 Kb5
34. Kh5 f5 35. gxf5 Bxf5 36. Kxh6 c3 37. bxc3 bxc3 38. Nb3 Kc4 39. Nc1 Kxd4 40.
Kg7 Bg6 41. Ne2+ Kd3 42. Nxc3 Kxc3 43. Kf6 d4 0-1

[Event "European Youth Chess Championship B14"]
[Site "Prague, Top Hotel Prague"]
[Date "2016.08.24"]
[Round "6.39"]
[White "Lisnyak, Vladislav"]
[Black "Slobodiansky, Steven"]
[Result "1/2-1/2"]
[WhiteElo "2075"]
[BlackElo "1891"]
[PlyCount "136"]
[EventDate "2016.08.18"]

 1. e4 e6 2. d4 d5 3. Nd2 Nf6 4. e5 Nfd7 5.
f4 c5 6. c3 Nc6 7. Ndf3 Be7 8. g3 O-O 9. Bh3 cxd4 10. cxd4 Bb4+ 11. Bd2 Qa5 12.
Ne2 Bxd2+ 13. Qxd2 Qxd2+ 14. Kxd2 Nb6 15. b3 Bd7 16. Rac1 Rac8 17. Ne1 Na8 18.
Nd3 b6 19. g4 Nc7 20. Ke3 Na6 21. Nc3 Ncb4 22. Nxb4 Nxb4 23. Bf1 f6 24. a3 Nc6
25. Ba6 Rcd8 26. Ne2 fxe5 27. fxe5 Rf7 28. Rhf1 Rxf1 29. Rxf1 Rf8 30. Rc1 Rf7
31. b4 g6 32. Bc8 Bxc8 33. Rxc6 Bd7 34. Rc7 Bb5 35. Rc8+ Rf8 36. Rxf8+ Kxf8 37.
Nf4 Ke7 38. g5 Bc6 39. Nd3 Bd7 40. Nf4 Kf7 41. Kf2 Kg7 42. Ke3 Kf7 43. Nd3 Kg7
44. Nf2 Kf7 45. Ng4 b5 46. Kf4 Bc6 47. h4 Bd7 48. Nf6 Bc6 49. Kg4 Kg7 50. Kf4
Kh8 51. h5 a6 52. h6 Bb7 53. Ke3 Bc8 54. Kd3 Bb7 55. Kc3 Bc8 56. Kb3 Bb7 57. a4
Bc8 58. a5 Bb7 59. Kc3 Bc8 60. Kd3 Bb7 61. Ke3 Bc8 62. Kf4 Bb7 63. Kf3 Bc8 64.
Ke3 Bb7 65. Kf4 Bc8 66. Nxd5 exd5 67. e6 Kg8 68. Ke5 Kf8 1/2-1/2

[Event "European Youth Chess Championship B14"]
[Site "Prague, Top Hotel Prague"]
[Date "2016.08.24"]
[Round "6.40"]
[White "Nagy, Ladislav"]
[Black "Georgakopoulos, Nikolaos K"]
[Result "1/2-1/2"]
[WhiteElo "1872"]
[BlackElo "2059"]
[PlyCount "112"]
[EventDate "2016.08.18"]

1. e4 c5 2. Nf3 Nc6 3. d4 cxd4 4. Nxd4 Nf6 5. Nc3 e5 6. Ndb5 d6 7. Nd5 Nxd5 8.
exd5 Ne7 9. c4 Ng6 10. Be3 Be7 11. g3 O-O 12. h4 f5 13. h5 Nh8 14. Qc2 Bd7 15.
Nc3 a6 16. Bd3 Qe8 17. g4 e4 18. Nxe4 fxe4 19. Bxe4 g6 20. O-O-O Bf6 21. Rh2
Qe5 22. f4 Qxb2+ 23. Qxb2 Bxb2+ 24. Kxb2 Rae8 25. Rd4 Bxg4 26. hxg6 Nxg6 27.
Bxg6 hxg6 28. Bd2 Bf5 29. Bb4 Rf6 30. Rd1 Bg4 31. Rd4 Re3 32. Bd2 Re8 33. Rg2
Bh5 34. Bb4 Kf7 35. c5 a5 36. Ba3 dxc5 37. Bxc5 Rd8 38. d6 Rf5 39. Rc2 Rd7 40.
Ka1 Bf3 41. Ba3 Rh5 42. Rb2 Bc6 43. Re2 b5 44. Bc1 Rd5 45. Rxd5 Bxd5 46. Re7+
Rxe7 47. dxe7 Kxe7 48. a3 Ke6 49. Kb2 Kf5 50. Kc2 Ke4 51. Kc3 Be6 52. Bd2 Bg4
53. Bc1 Kf3 54. Kd4 Bd7 55. Bb2 Be8 56. Ke5 a4 1/2-1/2

[Event "European Youth Chess Championship B14"]
[Site "Prague, Top Hotel Prague"]
[Date "2016.08.24"]
[Round "6.41"]
[White "Colonetti, Fabio"]
[Black "Kopylov, Daniel"]
[Result "0-1"]
[WhiteElo "1833"]
[BlackElo "2050"]
[PlyCount "90"]
[EventDate "2016.08.18"]

1. e4 c5 2. Nf3 d6 3. d4 cxd4 4. Nxd4 Nf6 5. Nc3 Nc6 6. Bc4 e6 7. Be3 Be7 8.
Qe2 a6 9. Bb3 Qc7 10. O-O-O O-O 11. Rhg1 Nd7 12. g4 Nc5 13. Nf5 b5 14. Bd5 Ra7
15. g5 b4 16. Qh5 g6 17. Qh6 exf5 18. Bxc6 bxc3 19. Bd4 cxb2+ 20. Kb1 f6 21.
Bd5+ Be6 22. Bxe6+ Nxe6 23. Bxa7 Rc8 24. Rd2 Bf8 25. Qh3 Nxg5 26. Qb3+ Kh8 27.
Bd4 Nxe4 28. Re2 Bg7 29. Rge1 h5 30. f3 Nc3+ 31. Bxc3 Qxc3 32. Re8+ Kh7 33.
Qxc3 Rxc3 34. R8e3 Rxe3 35. Rxe3 f4 36. Re6 g5 37. Kxb2 f5+ 38. Kc1 Be5 39. Kd2
g4 40. Ke2 h4 41. fxg4 fxg4 42. Kf2 h3 43. c4 g3+ 44. hxg3 fxg3+ 45. Kg1 Bd4+
0-1

[Event "European Youth Chess Championship B14"]
[Site "Prague, Top Hotel Prague"]
[Date "2016.08.24"]
[Round "6.42"]
[White "Pavlik, Vladimir"]
[Black "Vodila, Martin Botond"]
[Result "0-1"]
[WhiteElo "1749"]
[BlackElo "2047"]
[PlyCount "70"]
[EventDate "2016.08.18"]

1. e4 d5 2. exd5 Qxd5 3. d4 e5 4. Nf3 Nc6 5. c4 Qe4+ 6. Be3 Bb4+ 7. Nc3 exd4 8.
Nxd4 Nge7 9. Qd3 Qxd3 10. Bxd3 Nxd4 11. Bxd4 O-O 12. O-O Rd8 13. Rad1 Rxd4 14.
Bxh7+ Kxh7 15. Rxd4 Bxc3 16. bxc3 Be6 17. Rb1 b6 18. Rb5 c5 19. Rd1 Bxc4 20.
Rb2 Nd5 21. Rc2 b5 22. Re1 a5 23. a3 a4 24. f3 Bb3 25. Rcc1 Rd8 26. g3 f6 27.
Re4 Nb6 28. Re7 Nc4 29. Rc7 Nxa3 30. Rxc5 Rd1+ 31. Rxd1 Bxd1 32. Kf2 Bb3 33.
Ke3 Nc4+ 34. Ke2 a3 35. Rh5+ Kg6 0-1

[Event "European Youth Chess Championship B14"]
[Site "Prague, Top Hotel Prague"]
[Date "2016.08.24"]
[Round "6.43"]
[White "Novotny, Martin"]
[Black "Kamer, Kayra"]
[Result "0-1"]
[WhiteElo "1557"]
[BlackElo "2041"]
[PlyCount "58"]
[EventDate "2016.08.18"]

1. d4 Nf6 2. c4 g6 3. Nc3 Bg7 4. e4 d6 5. Bd3 Nbd7 6. Nge2 O-O 7. O-O e5 8. d5
a5 9. Bc2 Nc5 10. f3 Nh5 11. Be3 f5 12. exf5 gxf5 13. f4 Qh4 14. Qe1 Qg4 15. h3
Qg6 16. Kh2 Bd7 17. g4 Nxf4 18. Nxf4 exf4 19. Bxf4 Rae8 20. Qd2 Ne4 21. Nxe4
fxe4 22. Rae1 h5 23. gxh5 Qxh5 24. Qg2 Kh8 25. Bxe4 Rxf4 26. Rxf4 Be5 27. Ref1
Qh6 28. Qg3 Rg8 29. Qe3 Rf8 0-1

[Event "European Youth Chess Championship B14"]
[Site "Prague, Top Hotel Prague"]
[Date "2016.08.24"]
[Round "6.44"]
[White "Michaelides, Konstantinos"]
[Black "Polansky, Adam Lubos"]
[Result "1-0"]
[WhiteElo "2092"]
[BlackElo "1773"]
[PlyCount "51"]
[EventDate "2016.08.18"]

1. e4 c5 2. Nf3 Nc6 3. d4 cxd4 4. Nxd4 g6 5. Nc3 Bg7 6. Be3 Nf6 7. Bc4 O-O 8.
Bb3 a5 9. f3 d5 10. exd5 Nb4 11. Nde2 Bd7 12. a3 Na6 13. O-O b5 14. Bd4 a4 15.
Ba2 b4 16. Ne4 Bb5 17. Nxf6+ exf6 18. Re1 Qd6 19. Ng3 f5 20. Bxg7 Kxg7 21. Qd4+
Kg8 22. c4 Bd7 23. Rac1 Rfc8 24. Re3 f4 25. Ne4 Qc7 26. Nf6+ 1-0

[Event "European Youth Chess Championship B14"]
[Site "Prague, Top Hotel Prague"]
[Date "2016.08.24"]
[Round "6.45"]
[White "Maache, Jawad"]
[Black "Lavorgna, Filippo"]
[Result "1-0"]
[WhiteElo "2090"]
[BlackElo "1849"]
[PlyCount "59"]
[EventDate "2016.08.18"]

1. d4 Nf6 2. c4 e6 3. Nc3 d5 4. Bg5 Be7 5. e3 O-O 6. Nf3 h6 7. Bh4 b6 8. cxd5
Nxd5 9. Bxe7 Qxe7 10. Nxd5 exd5 11. Rc1 Be6 12. Bd3 Rc8 13. O-O c5 14. e4 Qb7
15. Re1 Nd7 16. e5 Bg4 17. Be2 Re8 18. h3 Bxf3 19. Bxf3 c4 20. Rxc4 b5 21. Rc1
Nb6 22. Rc5 a6 23. b3 Rac8 24. Re2 Rxc5 25. dxc5 Nd7 26. Bxd5 Qc8 27. e6 fxe6
28. Rxe6 Kh8 29. Rxe8+ Qxe8 30. Bc6 1-0

[Event "European Youth Chess Championship B14"]
[Site "Prague, Top Hotel Prague"]
[Date "2016.08.24"]
[Round "6.46"]
[White "Mladek, Richard"]
[Black "Alivodic, Dario"]
[Result "1-0"]
[WhiteElo "2015"]
[BlackElo "1834"]
[PlyCount "49"]
[EventDate "2016.08.18"]

1. d4 e6 2. c4 d5 3. Nc3 c6 4. e3 Nf6 5. Nf3 Bd6 6. Bd3 O-O 7. O-O Nbd7 8. cxd5
exd5 9. Qc2 Re8 10. a3 Nf8 11. h3 Ng6 12. b4 Bc7 13. b5 Qd6 14. a4 Nh5 15. g4
Qf6 16. Kg2 Nh4+ 17. Nxh4 Qxh4 18. Rh1 Bxg4 19. Bxh7+ Kf8 20. Ba3+ Re7 21.
Bxe7+ Kxe7 22. Nxd5+ Kd8 23. Nxc7 Kxc7 24. Qe4 Nf6 25. Qf4+ 1-0

[Event "European Youth Chess Championship B14"]
[Site "Prague, Top Hotel Prague"]
[Date "2016.08.24"]
[Round "6.47"]
[White "Fossan, Aleksander"]
[Black "Veiga, Jose Francisco R P N"]
[Result "1-0"]
[WhiteElo "1834"]
[BlackElo "2001"]
[PlyCount "117"]
[EventDate "2016.08.18"]

1. e4 e5 2. Nf3 Nc6 3. Bc4 Bc5 4. d3 Nf6 5. Nc3 a6 6. Bg5 h6 7. Bxf6 Qxf6 8.
Nd5 Qd8 9. c3 d6 10. d4 Ba7 11. dxe5 Nxe5 12. Nxe5 dxe5 13. Qh5 O-O 14. Rd1 c6
15. Ne3 Qf6 16. O-O Qf4 17. g3 Qxe4 18. Bd3 Qa4 19. Nf5 Bxf5 20. Qxf5 g6 21.
Qf6 Qg4 22. Qxe5 Rad8 23. Qe4 Qg5 24. Bc4 h5 25. Kg2 Kg7 26. Bb3 Rfe8 27. Qf3
f5 28. h4 Qf6 29. Rfe1 Rxe1 30. Rxe1 Rd2 31. Re6 Qd8 32. Re2 Qd6 33. Re6 Qd7
34. Re2 Bc5 35. Be6 Qd6 36. Bc8 Rd3 37. Qf4 Qd5+ 38. Kh2 Bd6 39. Qg5 Rd1 40. f3
Rh1+ 41. Kg2 Rd1 42. Bxb7 Bc5 43. b4 Bd6 44. Bxa6 Kf7 45. Qh6 Be5 46. Qe3 Bd6
47. c4 Qd4 48. Qxd4 Rxd4 49. c5 Bc7 50. a3 f4 51. gxf4 Rxf4 52. Re4 Rf5 53. Bb7
Rf6 54. a4 Rf5 55. Bxc6 g5 56. Be8+ Kg7 57. Bxh5 Kh6 58. Bg4 Rd5 59. Re6+ 1-0

[Event "European Youth Chess Championship B14"]
[Site "Prague, Top Hotel Prague"]
[Date "2016.08.24"]
[Round "6.48"]
[White "Vuckovic, Marko"]
[Black "Nilsen, Tobias Lang"]
[Result "1-0"]
[WhiteElo "1834"]
[BlackElo "1987"]
[PlyCount "79"]
[EventDate "2016.08.18"]

1. e4 c5 2. c3 d5 3. exd5 Qxd5 4. Nf3 Nf6 5. d4 Bg4 6. Be2 e6 7. Be3 Nc6 8.
dxc5 Qxd1+ 9. Bxd1 Nd5 10. b4 Nxe3 11. fxe3 a5 12. Ba4 axb4 13. Bxc6+ bxc6 14.
cxb4 Be7 15. a3 Bf6 16. Ra2 O-O 17. Ke2 e5 18. e4 Rfd8 19. Rd1 Rd4 20. Rxd4
exd4 21. Kd3 Rd8 22. Nbd2 Be6 23. Ra1 g6 24. Nc4 Bc8 25. a4 Ba6 26. Rb1 Rb8 27.
e5 Be7 28. Kxd4 f6 29. Nd6 fxe5+ 30. Nxe5 Rf8 31. Nxc6 Bf6+ 32. Kd5 Bd3 33. Re1
Bc2 34. a5 Bb3+ 35. Nc4 Bh4 36. Re4 Rf5+ 37. Kd6 Rf6+ 38. Kc7 Rf7+ 39. Kb6 Bc2
40. Rxh4 1-0

[Event "European Youth Chess Championship B14"]
[Site "Prague, Top Hotel Prague"]
[Date "2016.08.24"]
[Round "6.49"]
[White "Kreutzmann, Duke"]
[Black "Kuznecovs, Nikita"]
[Result "0-1"]
[WhiteElo "1975"]
[BlackElo "1809"]
[PlyCount "136"]
[EventDate "2016.08.18"]

1. d4 Nf6 2. Nf3 e6 3. Bf4 c5 4. e3 Qb6 5. Nc3 cxd4 6. Nxd4 Qxb2 7. Ndb5 Bb4 8.
Be5 Nd5 9. Rb1 Bxc3+ 10. Bxc3 Nxc3 11. Rxb2 Nxd1 12. Kxd1 Na6 13. Nd6+ Ke7 14.
Nxb7 Bxb7 15. Rxb7 Nc5 16. Rb4 Rab8 17. a3 a5 18. Rb5 Ne4 19. Ke1 Rhc8 20. Rxb8
Rxb8 21. f3 Rb1+ 22. Ke2 Nc5 23. g3 Kd6 24. Bg2 Rxh1 25. Bxh1 Kd5 26. Kd2 Kc4
27. Bg2 Kb5 28. Kc3 Ka4 29. Kb2 d5 30. Bf1 Nb7 31. c4 Nc5 32. Be2 dxc4 33. Bxc4
Nd7 34. Bd3 h6 35. h4 Nf6 36. Be4 g5 37. hxg5 hxg5 38. Ka2 Nh5 39. g4 Nf6 40.
Kb2 Nd7 41. Bd3 Ne5 42. Be2 Nd7 43. Bd3 Nb6 44. f4 f6 45. fxg5 fxg5 46. e4 e5
47. Ba6 Nd7 48. Bb7 Kb5 49. Kc3 Nf6 50. Bc8 Nxe4+ 51. Kd3 Nd6 52. Bd7+ Kc5 53.
a4 Kd5 54. Ke3 Nb7 55. Bb5 Nc5 56. Be8 Kc4 57. Bc6 Kc3 58. Bb5 Kb4 59. Bc6 Kb3
60. Bb5 Nxa4 61. Bxa4+ Kxa4 62. Ke4 Kb4 63. Kxe5 a4 64. Kf5 a3 65. Kxg5 a2 66.
Kh6 a1=Q 67. g5 Qh8+ 68. Kg6 Qg8+ 0-1

[Event "European Youth Chess Championship B14"]
[Site "Prague, Top Hotel Prague"]
[Date "2016.08.24"]
[Round "6.50"]
[White "Buitron, Ramil David"]
[Black "Mao, Ximan"]
[Result "0-1"]
[WhiteElo "1949"]
[BlackElo "1731"]
[PlyCount "142"]
[EventDate "2016.08.18"]

1. e4 Nf6 2. e5 Nd5 3. d4 d6 4. c4 Nb6 5. exd6 exd6 6. Nc3 Be7 7. Bd3 O-O 8.
Nge2 Nc6 9. O-O Bf6 10. Be3 Bg4 11. f3 Bh5 12. Nf4 Bg6 13. Nxg6 hxg6 14. d5 Ne5
15. Bxb6 axb6 16. Be2 Re8 17. f4 Nd7 18. f5 g5 19. Bf3 Re5 20. Be4 Qe7 21. Qf3
Nc5 22. Bc2 Re8 23. Qg4 Re3 24. Rac1 Nd3 25. Bxd3 Rxd3 26. Rf3 Bd4+ 27. Kh1
Bxc3 28. bxc3 Rxc3 29. Rcf1 Rxf3 30. Qxf3 Qe2 31. Rf2 Qxf3 32. gxf3 Re1+ 33.
Kg2 Rc1 34. Re2 Kf8 35. Re4 Rc2+ 36. Kg3 Rxa2 37. h4 gxh4+ 38. Kxh4 Rc2 39. Kg4
b5 40. cxb5 Rc5 41. b6 cxb6 42. Rd4 Ke7 43. Kg5 b5 44. Rd3 b4 45. Re3+ Kd7 46.
Rd3 b5 47. f6 gxf6+ 48. Kxf6 Rc3 49. Rd4 Rxf3+ 50. Kg7 Rf5 51. Rxb4 Rxd5 52.
Kxf7 Kc6 53. Rh4 Kc5 54. Ke6 Rd4 55. Rh8 Kc4 56. Rc8+ Kb3 57. Rb8 b4 58. Rc8
Rc4 59. Rd8 Rd4 60. Rc8 Kb2 61. Rb8 b3 62. Rb6 Kc2 63. Rc6+ Kb1 64. Rb6 b2 65.
Rb8 Rd2 66. Rh8 Kc1 67. Rh1+ Rd1 68. Rh8 Re1+ 69. Kf6 b1=Q 70. Rc8+ Kd2 71. Rc6
Qb2+ 0-1

[Event "European Youth Chess Championship B14"]
[Site "Prague, Top Hotel Prague"]
[Date "2016.08.24"]
[Round "6.51"]
[White "Balashov, Egor"]
[Black "Huynh, Laurent"]
[Result "1/2-1/2"]
[WhiteElo "1624"]
[BlackElo "1934"]
[PlyCount "124"]
[EventDate "2016.08.18"]

1. d4 d5 2. Nf3 Nf6 3. c4 c6 4. Qc2 g6 5. Bf4 Bg7 6. e3 O-O 7. Nc3 Na6 8. a3
Bf5 9. Qb3 Bc8 10. Rc1 Nc7 11. Bd3 dxc4 12. Bxc4 Ncd5 13. Bxd5 Nxd5 14. Nxd5
cxd5 15. Bc7 Qd7 16. Ne5 Qe6 17. Rc5 Qf5 18. O-O Bxe5 19. Bxe5 b6 20. Rc7 Ba6
21. Rfc1 Rac8 22. h3 Bc4 23. Qa4 a6 24. Qb4 Rxc7 25. Bxc7 Qe6 26. b3 a5 27.
Qxb6 Qxb6 28. Bxb6 Bxb3 29. Bxa5 Bc4 30. Rb1 Ra8 31. Bb4 e6 32. Be7 Kg7 33. Rb7
h6 34. h4 g5 35. hxg5 hxg5 36. Kh2 Kg6 37. g4 Be2 38. Kg3 Bd1 39. f4 gxf4+ 40.
exf4 Rc8 41. Bc5 Be2 42. Rb6 Kh7 43. Kh4 Rg8 44. Rb7 Kg6 45. Ra7 Rh8+ 46. Kg3
Rb8 47. a4 Rb3+ 48. Kh4 Bd3 49. a5 Rb1 50. a6 Rh1+ 51. Kg3 Ra1 52. f5+ exf5 53.
gxf5+ Kg7 54. Rd7 Rxa6 55. Rxd5 Ra1 56. Be7 Rg1+ 57. Kh4 Rh1+ 58. Kg3 Rg1+ 59.
Kh2 Rh1+ 60. Kxh1 Be4+ 61. Kh2 Bxd5 62. Kg3 f6 1/2-1/2

[Event "European Youth Chess Championship B14"]
[Site "Prague, Top Hotel Prague"]
[Date "2016.08.24"]
[Round "6.52"]
[White "Zaza, Alexandre"]
[Black "Lund, Gunnar"]
[Result "1/2-1/2"]
[WhiteElo "1834"]
[BlackElo "1913"]
[PlyCount "58"]
[EventDate "2016.08.18"]

1. e4 e5 2. Bc4 Nf6 3. d3 Bc5 4. Nc3 Nc6 5. f4 d6 6. Nf3 O-O 7. Na4 Bb6 8. Nxb6
axb6 9. O-O Be6 10. Bxe6 fxe6 11. c3 exf4 12. Ng5 Qe7 13. Qb3 Rae8 14. Bxf4 h6
15. Nh3 Kh8 16. Bg3 e5 17. Bh4 Nd8 18. Rf5 Ne6 19. Raf1 g5 20. Be1 Nh5 21. Nf2
Nhg7 22. Rxf8+ Rxf8 23. Ng4 Rxf1+ 24. Kxf1 Kh7 25. Bd2 Nc5 26. Qc4 Qe6 27. Qxe6
Ngxe6 28. Ke2 Kg6 29. g3 c6 1/2-1/2

[Event "European Youth Chess Championship B14"]
[Site "Prague, Top Hotel Prague"]
[Date "2016.08.24"]
[Round "6.53"]
[White "Bystritskiy, Daniil"]
[Black "Matis, Tibor"]
[Result "1-0"]
[WhiteElo "1906"]
[BlackElo "1709"]
[PlyCount "73"]
[EventDate "2016.08.18"]

1. d4 Nf6 2. c4 c5 3. d5 e6 4. Nc3 exd5 5. cxd5 d6 6. e4 g6 7. Bf4 a6 8. a4 Qc7
9. f3 Bg7 10. Qd2 Nbd7 11. Nh3 O-O 12. Be2 Re8 13. O-O Ne5 14. Nf2 Nfd7 15.
Rfc1 Rb8 16. a5 b5 17. axb6 Qxb6 18. Na4 Qa7 19. Be3 Nb6 20. Qa5 Nxa4 21. Qxa4
Nd7 22. Nd1 Re7 23. Qc6 Qb6 24. Bxa6 Qxc6 25. dxc6 Ne5 26. Nc3 Nxc6 27. Nd5 Rd7
28. Bxc8 Rxc8 29. Nb6 Rdd8 30. Nxc8 Bxb2 31. Nb6 Nb4 32. Ra8 Rxa8 33. Nxa8 Bxc1
34. Bxc1 c4 35. Kf1 Na2 36. Ba3 c3 37. Ke2 1-0

[Event "European Youth Chess Championship B14"]
[Site "Prague, Top Hotel Prague"]
[Date "2016.08.24"]
[Round "6.54"]
[White "Gloser, David"]
[Black "Matus, Filip"]
[Result "1-0"]
[WhiteElo "1900"]
[BlackElo "1700"]
[PlyCount "87"]
[EventDate "2016.08.18"]

 1. e4 c6 2. d4 d5 3. e5 Bf5 4. h4 h6 5. g4
Bg6 6. h5 Bh7 7. e6 fxe6 8. Bd3 Bxd3 9. Qxd3 Nf6 10. Qg6+ Kd7 11. Nf3 Qe8 12.
Ne5+ Kc8 13. Qxe8+ Nxe8 14. f4 Nf6 15. Nd2 Nbd7 16. Ndf3 Kc7 17. Ng6 Rg8 18.
Nfe5 b6 19. Rg1 c5 20. c3 Ne4 21. Be3 Ndf6 22. a4 a5 23. Ke2 c4 24. Bf2 Nd6 25.
Rgb1 Nfe4 26. Be1 Rb8 27. b3 cxb3 28. Rxb3 Nc4 29. Ra2 Ned6 30. Rb1 Rb7 31. Kf1
Kd8 32. Re2 Kc7 33. Nxc4 Nxc4 34. Rxe6 Kd7 35. f5 Rb8 36. Rb5 Rc8 37. Rxd5+ Ke8
38. Bh4 Rc7 39. Ke2 Rb7 40. Kd3 Nb2+ 41. Kc2 Nxa4 42. Rc6 b5 43. Rc8+ Kf7 44.
Ne5# 1-0

[Event "European Youth Chess Championship B14"]
[Site "Prague, Top Hotel Prague"]
[Date "2016.08.24"]
[Round "6.55"]
[White "Martins, Bruno Andre Leite"]
[Black "Stage-Steffensen, Sander"]
[Result "1-0"]
[WhiteElo "1878"]
[BlackElo "1688"]
[PlyCount "89"]
[EventDate "2016.08.18"]

1. e4 d6 2. d4 Nf6 3. Nc3 Nbd7 4. g4 h6 5. h3 e5 6. Nge2 c6 7. a4 Qc7 8. Bg2
Be7 9. O-O g5 10. Ng3 Nf8 11. Nf5 Ne6 12. Nxe7 Kxe7 13. Ne2 Bd7 14. b3 Nf4 15.
Ba3 Nxe2+ 16. Qxe2 Kd8 17. dxe5 dxe5 18. Qf3 Ne8 19. Qxf7 Kc8 20. Rad1 c5 21.
Bxc5 Bc6 22. Qxc7+ Kxc7 23. Ba3 Rh7 24. Rd2 Rd8 25. Rxd8 Kxd8 26. Rd1+ Kc7 27.
f3 Rg7 28. Bf1 Rg6 29. Bb2 Re6 30. Bc4 Re7 31. Ba3 Rd7 32. Rxd7+ Kxd7 33. Bd5
Bxd5 34. exd5 Nd6 35. Bxd6 Kxd6 36. c4 b6 37. Kf2 a6 38. Ke3 b5 39. axb5 axb5
40. Ke4 bxc4 41. bxc4 Kc5 42. Kxe5 Kxc4 43. d6 Kd3 44. f4 Ke3 45. fxg5 1-0